[Event "Lugano Paradiso op 19th"]
[Site "Lugano"]
[Date "2022.05.07"]
[Round "3"]
[White "Frei, Gustav"]
[Black "Sosa Nesper, Marcos Ivan"]
[Result "0-1"]
[WhiteElo "1497"]
[BlackElo "1534"]
[PlyCount "110"]
[EventDate "2022.05.06"]
[EventType "swiss"]
[EventRounds "5"]
[EventCountry "SUI"]
[SourceTitle "CBM 208 Extra"]
[Source "ChessBase"]
[SourceDate "2022.07.31"]
[SourceVersion "1"]
[SourceVersionDate "2022.07.31"]
[SourceQuality "1"]

1. e4 c5 2. Nf3 d6 3. Bb5+ Nc6 4. c3 a6 5. Ba4 b5 6. Bc2 Nf6 7. 0-0 Bg4 8. d3 Ne5 9. Nbd2 Nc6 10. Qe1 Rc8 11. e5 dxe5 12. Nxe5 Nxe5 13. Qxe5 Qd5 14. Qe3 e6 15. Ne4 Nxe4 16. Qxe4 Qxe4 17. dxe4 Be7 18. f3 Bh5 19. Be3 0-0 20. Rfd1 Rfd8 21. Kf2 Bg6 22. Rd2 f5 23. exf5 exf5 24. Rad1 f4 25. Rxd8+ Rxd8 26. Rxd8+ Bxd8 27. Bxg6 fxe3+ 28. Kxe3 hxg6 29. Ke4 Bf6 30. Kd5 b4 31. Kxc5 bxc3 32. bxc3 Bxc3 33. a4 a5 34. Kd5 Kf7 35. Ke4 Kf6 36. f4 Be1 37. g4 Bf2 38. Kf3 Be1 39. Ke2 Bb4 40. Kf3 Bd6 41. h3 g5 42. f5 Ke5 43. Ke3 Bc5+ 44. Kf3 Ba3 45. Ke3 Bc1+ 46. Kf3 Bf4 47. Kf2 Kd4 48. Kf3 Be3 49. Kg2 Ke4 50. Kg3 Bf4+ 51. Kf2 Kd4 52. Kf3 Be5 53. Ke2 Kc4 54. Kf3 Kb4 55. Ke4 Bf6 0-1

[Event "Schaffhausen op"]
[Site "Schaffhausen"]
[Date "2022.03.19"]
[Round "3"]
[White "Frei, Gustav"]
[Black "Strupat, Thomas"]
[Result "1-0"]
[WhiteElo "1519"]
[BlackElo "1428"]
[PlyCount "43"]
[EventDate "2022.03.18"]
[EventType "swiss"]
[EventRounds "5"]
[EventCountry "SUI"]
[SourceTitle "CBM 207 Extra"]
[Source "ChessBase"]
[SourceDate "2022.05.31"]
[SourceVersion "1"]
[SourceVersionDate "2022.05.31"]
[SourceQuality "1"]

1. e4 e5 2. Nf3 Nc6 3. Bb5 a6 4. Ba4 Nf6 5. d3 b5 6. Bb3 Be7 7. 0-0 0-0 8. c3 d6 9. h3 Na5 10. Bc2 c5 11. b4 cxb4 12. cxb4 Nc6 13. a3 Bb7 14. Nc3 Rc8 15. Bb2 Re8 16. Bb3 h6 17. Re1 Bf8 18. Nh2 Ne7 19. Qf3 Ng6 20. Ng4 Nxg4 21. Qxf7+ Kh7 22. Qg8# 1-0

[Event "Davos Summer op"]
[Site "Davos"]
[Date "2021.08.05"]
[Round "1"]
[White "Mattenberger, Matthias"]
[Black "Frei, Gustav"]
[Result "1-0"]
[WhiteElo "1961"]
[BlackElo "1539"]
[PlyCount "67"]
[EventDate "2021.08.05"]
[EventType "swiss"]
[EventRounds "5"]
[EventCountry "SUI"]
[SourceTitle "EXT 2022"]
[Source "ChessBase"]
[SourceDate "2021.10.06"]
[SourceVersion "1"]
[SourceVersionDate "2021.10.06"]
[SourceQuality "1"]

1. d4 d6 2. c4 Nf6 3. Nc3 Nbd7 4. e4 e5 5. d5 Be7 6. Be2 Nc5 7. Qc2 a5 8. Nf3 0-0 9. Be3 b6 10. h3 Bd7 11. g4 h6 12. 0-0-0 Nh7 13. Rdg1 Ng5 14. Ne1 Nh7 15. Qd2 Bg5 16. Nf3 Bxe3 17. Qxe3 Qf6 18. h4 g5 19. hxg5 Nxg5 20. Rh5 Nxf3 21. Bxf3 Qf4 22. g5 f5 23. gxf6+ Kf7 24. Rxh6 Rg8 25. Bh5+ Kf8 26. Rxg8+ Kxg8 27. Rg6+ Kh7 28. Qxf4 exf4 29. Kd2 Rf8 30. f3 Na6 31. Ne2 Bh3 32. Nxf4 Bc8 33. Ne6 Bxe6 34. dxe6 1-0

[Event "Ascona op 14th"]
[Site "Ascona"]
[Date "2021.03.27"]
[Round "2"]
[White "Frei, Gustav"]
[Black "Bazilius, Augustinas"]
[Result "1-0"]
[WhiteElo "1530"]
[BlackElo "1696"]
[PlyCount "71"]
[EventDate "2021.03.26"]
[EventType "swiss"]
[EventRounds "5"]
[EventCountry "SUI"]
[SourceTitle "CBM 202 Extra"]
[Source "ChessBase"]
[SourceDate "2021.07.31"]
[SourceVersion "1"]
[SourceVersionDate "2021.07.31"]
[SourceQuality "1"]

1. e4 e6 2. d4 d5 3. exd5 exd5 4. Bd3 Bd6 5. Nf3 Ne7 6. 0-0 0-0 7. Bg5 f6 8. Bd2 Bg4 9. h3 Bh5 10. c4 c6 11. cxd5 Nxd5 12. Bc4 Bc7 13. Qb3 b6 14. Bxd5+ cxd5 15. Bb4 Re8 16. Nbd2 Nc6 17. Bc3 Qd6 18. Rae1 Bf7 19. Qd1 Bg6 20. Rxe8+ Rxe8 21. Re1 Be4 22. Nf1 Re7 23. Nh4 Qf4 24. g3 Qh6 25. Qg4 g6 26. Ne3 Qf8 27. Qd1 f5 28. Nf1 g5 29. Ng2 Qh6 30. f3 Qxh3 31. fxe4 dxe4 32. d5 f4 33. dxc6 f3 34. Qd5+ Rf7 35. Qxg5+ Kf8 36. Bb4+ 1-0